000
00313nam a22001217a 4500
003
OSt
008
250128b |||||||| |||| 00| 0 eng d
041
_a
eng
100
_a
Khurumi, RS
_9
7015
245
_a
Text Book of Hydraulics Fluid Mechanics and Hydraulic Machines
260
_b
S Chand & Co,
_c
1980.
942
_c
BK
999
_c
19164
_d
19164